<?xml version="1.0" encoding="UTF-8"?>
<record
    xmlns:xsi="http://www.w3.org/2001/XMLSchema-instance"
    xsi:schemaLocation="http://www.loc.gov/MARC21/slim http://www.loc.gov/standards/marcxml/schema/MARC21slim.xsd"
    xmlns="http://www.loc.gov/MARC21/slim">

  <leader>00300nam a2200121Ia 4500</leader>
  <controlfield tag="008">230411s9999    xx            000 0 und d</controlfield>
  <datafield tag="041" ind1=" " ind2=" ">
    <subfield code="a">eng</subfield>
  </datafield>
  <datafield tag="082" ind1=" " ind2=" ">
    <subfield code="a">EN/420/MAL/B02245</subfield>
  </datafield>
  <datafield tag="100" ind1=" " ind2=" ">
    <subfield code="a">Mali Ramling B</subfield>
    <subfield code="9">177292</subfield>
  </datafield>
  <datafield tag="245" ind1=" " ind2=" ">
    <subfield code="a">English for Nurses</subfield>
  </datafield>
  <datafield tag="260" ind1=" " ind2=" ">
    <subfield code="a">Mumbai</subfield>
    <subfield code="c">2004</subfield>
  </datafield>
  <datafield tag="999" ind1=" " ind2=" ">
    <subfield code="c">153460</subfield>
    <subfield code="d">153460</subfield>
  </datafield>
  <datafield tag="952" ind1=" " ind2=" ">
    <subfield code="0">0</subfield>
    <subfield code="1">0</subfield>
    <subfield code="4">0</subfield>
    <subfield code="7">0</subfield>
    <subfield code="8">EN</subfield>
    <subfield code="a">BTIN</subfield>
    <subfield code="b">BTIN</subfield>
    <subfield code="d">2005-02-11</subfield>
    <subfield code="e">S.K.Kothari,Pune.</subfield>
    <subfield code="g">140.00</subfield>
    <subfield code="i">8649</subfield>
    <subfield code="l">0</subfield>
    <subfield code="o">EN 420 MAL B02245</subfield>
    <subfield code="p">BTIN-BK-2245</subfield>
    <subfield code="r">2023-04-11 00:00:00</subfield>
    <subfield code="v">126.00</subfield>
    <subfield code="w">2005-02-11</subfield>
    <subfield code="y">BK</subfield>
    <subfield code="z">B02245</subfield>
  </datafield>
</record>
